Never Forget You - Zara Larsson & MNEK - All Lyrics - Statistics

General Stats
  • This quiz has been taken 86 times
  • The average score is 444 of 526
Answer Stats
Answer % Correct
be
98%
(Be
98%
I
98%
you
98%
You
98%
you)
98%
(You
98%
a
96%
always
96%
my
96%
my)
96%
never
96%
(Never
96%
never,
96%
Never,
96%
the
96%
(The
96%
will
96%
day
94%
(Day
94%
die
94%
die)
94%
Die,
94%
die,
94%
Oh
94%
oh
94%
forget
92%
me,
92%
side
92%
side)
92%
that
92%
That
92%
'til
92%
'Til
92%
by
91%
so
91%
So,
91%
to
89%
with
89%
And
87%
and
87%
feel
87%
met
85%
would
85%
knew
83%
love
83%
From
81%
in
81%
(In
81%
we
81%
but
79%
But
79%
ever
79%
see
79%
time
79%
want
79%
were
79%
without
79%
thing
77%
used
77%
everything
75%
happy,
75%
heart,
75%
it,
75%
more
75%
once
75%
sure
75%
sure)
75%
up
75%
here
74%
here,
74%
It's
74%
upon
74%
'Cause
72%
changed
72%
clear
72%
go
72%
hasn't
72%
much
72%
know
70%
low
70%
seem
70%
can
64%
let
64%
do
62%
yeah
62%
yeah,
62%
how
60%
somethin'
60%
should
58%
what
58%
had
57%
Funny
55%
just
55%
if
53%
can't
51%
deep
51%
inside
51%
left,
51%
there's
51%
end
49%
lovin'
49%
wonder
49%
all
47%
Feelin'
47%
fight
47%
happen
47%
right
47%
special
47%
as
45%
buried
45%
gotta
45%
these
45%
things
45%
hide
43%
put
43%
through
43%
back
42%
both
42%
fall
42%
mind?
42%
mind)
42%
seems
42%
went
42%
along,
40%
sometimes
40%
connection
38%
could
38%
off
38%
something
38%
watched
38%
think
36%
take
34%
(Take
34%
this
30%
still
28%
world
28%
I'm
26%
tied
11%
No matching quizzes found
Score Distribution
Percent of People with Each Score
Percentile by Number Answered
Your Score History
You have not taken this quiz